History Quiz

Random History or Letter Quiz

'I' American History Quiz Stats

 Plays Quiz Updated Jan 26, 2016

Challenge
Share
Tweet
Embed
Score 0/20 Timer 07:00
0 Plays Today
Hint Answer % Correct
Which country in the Middle East did the U.S. invade in March 2003?Iraq
98.9%
What process, in which an official is accused of unlawful activity, was used against Andrew Johnson and Bill Clinton?Impeachment
94.5%
By what nickname was President Eisenhower popularly known?Ike
93.1%
What state was admitted to the Union on December 28, 1846?Iowa
91.2%
What practice, commonplace in the colonies, involved laborers working for a fixed number of years before becoming free?Indentured Servitude
75.1%
What scandal involved Reagan administration officials secretly selling arms to fund rebels in Nicaragua? Iran-Contra Affair
73.9%
During World War II, where were Japanese-Americans confined?Internment Camps
71.5%
In the early 1800s, textile manufacturing advances in Lowell, Massachusetts spurred what U.S. economic transition period?Industrial Revolution
62.5%
Which government department is responsible for the management of federal land and natural resources?Interior
59.3%
What foreign policy kept the U.S. out of both world wars until well after both wars had started?Isolationism
56%
Hint Answer % Correct
What Native American political force controlled much of upstate New York during the colonial period?Iroquois League
53.2%
What 'Rip Van Winkle' author served as the U.S. ambassador to Spain from 1842 to 1846?Washington Irving
51.7%
What type of heavily armored ship was used successfully during the Civil War?Ironclad
48.2%
What was South Carolina's second most important cash crop during the colonial period?Indigo
47.3%
What strategy did the U.S. military use in the Pacific during WWII to get nearer to Japan? Island Hopping
44.4%
What term was given to describe a land area set aside by the U.S. government for Native Americans?Indian Territory
37.4%
Which international organization, directed by Christine Lagarde, is headquartered in Washington, DC?International Monetary Fund
34.9%
What act of taking men into the navy by force was used by Great Britain during the War of 1812?Impressment
29.8%
Which senator from Hawaii who died in 2012 was the second-longest serving U.S. senator in history?Daniel Inouye
26.1%
What militant labor organization's members were known as 'Wobblies'?Industrial Workers of the World
15.2%

You're not logged in!

Compare scores with friends on all Sporcle quizzes.
OR
Log In

You Might Also Like...

Show Comments

Extras

Top Quizzes Today


Score Distribution

Your Account Isn't Verified!

In order to create a playlist on Sporcle, you need to verify the email address you used during registration. Go to your Sporcle Settings to finish the process.

Report this User

Report this user for behavior that violates our Community Guidelines.

Details: